| 000 | 00419nam a2200145Ia 4500 | ||
|---|---|---|---|
| 008 | 230917s9999||||xx |||||||||||||| ||und|| | ||
| 040 |
_e210166 _aMAIN |
||
| 041 | _aEnglish | ||
| 082 | _a342.54 R164S | ||
| 100 | _aRani Devi | ||
| 245 | 0 | _a73van samvaidhanik sanshodhan adhiniyam, 1992 aur mahilaon ka sashaktikaran-Haryana rajya ke Karnal jile ke sandarbh mein | |
| 260 | _c2013 | ||
| 300 | _a304 p. | ||
| 942 | _cTH | ||
| 999 |
_c125959 _d125959 |
||